| 000 | 00864cam a2200229 4500 | ||
|---|---|---|---|
| 008 | 090401t1992 xxu||||| |||| 00| 0 eng d | ||
| 020 | _a9780727739483 | ||
| 035 | _a(Sirsi) u2472 | ||
| 041 | 0 | _aeng | |
| 050 | 0 | 4 | _a624.03 $2 18 |
| 100 | 1 | _aBarnes, Martin | |
| 245 | 0 | 0 |
_aCESMM3 handbook _ba guide to the financial control of contracts using the Civil Engineering Standard Method of Measurement _h[electronic resource] |
| 250 | _a2nd | ||
| 260 |
_aLondon _bThomas Telford _c1992 |
||
| 300 | _aeBook | ||
| 650 | 2 | 4 | _aCIVIEL ENGINEERING STANDARD METHOD OF MEASUREMENT (THIRD EDITION) |
| 651 | 4 | _aInternational | |
| 690 | _aBUILT ENVIRONMENT-QUANTITY SURVEYING-CIVIL ENGINEERING STANDARD METHOD OF MEASUREMENT | ||
| 856 | 4 | 8 |
_uhttps://www.vlebooks.com/ _zView on VLEbooks. Logins for members only from [email protected] |
| 942 | _n0 | ||
| 948 | _c04/03/1997 | ||
| 999 |
_c85774 _d85774 |
||